000 00620nam a22001937a 4500
003 BCEG
005 20260116132309.0
008 260116s1978 mx|||||| |||| 00| 0 spa d
040 _aBCEG
_bspa
_cBCEG
082 0 4 _aA860.4
_bO681b
100 1 _aOrgambide, Pedro,
_d1929-2003.
245 1 0 _aBorges y su pensamiento político.
260 _aMéxico :
_bComité de Solidaridad con el Pueblo Argentino, [Casa Argentina].
_c1978.
300 _a93 p.
541 _aDonación.
600 1 4 _a Borges, Jorge Luis,
_d1899-1986,
_vCrítica e interpretación.
650 1 4 _aLiteratura argentina
_vHistoria y crítica.
942 _cBK
999 _c437021
_d437021